El can de Kant : en torno a Borges, la filosofía y el tiempo de la traducción /
Uloženo v:
| Hlavní autor: | |
|---|---|
| Další autoři: | |
| Médium: | Elektronický zdroj E-kniha |
| Jazyk: | španělština angličtina |
| Vydáno: |
Santiago de Chile :
ediciones / metales pesados
[2018]
|
| Témata: | |
| On-line přístup: | Digitalia Hispánica |
| Tagy: |
Přidat tag
Žádné tagy, Buďte první, kdo vytvoří štítek k tomuto záznamu!
|
MARC
| LEADER | 00000nam a2200000Ii 4500 | ||
|---|---|---|---|
| 001 | DIGMETPES0082 | ||
| 003 | NyNyDIG | ||
| 007 | cr ||||||||||| | ||
| 008 | 230304s2018 cl a ob 000 0 spa d | ||
| 006 | m o d | ||
| 020 | |a 9789569843587 |q eBook | ||
| 020 | |z 9789569843570 | ||
| 035 | |a (OCoLC)1088539920 | ||
| 040 | |a DGITA |b eng |e rda |e pn |c DGITA | ||
| 041 | 1 | |a spa |h eng | |
| 043 | |a s-ag--- | ||
| 050 | 1 | 4 | |a PQ7797.B635 ebook |
| 100 | 1 | |a Johnson, David E., |d 1959- |e author. | |
| 240 | 1 | 0 | |a Kant's dog. |l Spanish |s (Cucurella) |
| 245 | 1 | 3 | |a El can de Kant : |b en torno a Borges, la filosofía y el tiempo de la traducción / |c David E. Johnson ; traducción, Paula Cucurella. |
| 264 | 1 | |a Santiago de Chile : |b ediciones / metales pesados |c [2018] | |
| 300 | |a 1 online resource : |b illustrations. | ||
| 336 | |a text |b txt |2 rdacontent | ||
| 337 | |a computer |b c |2 rdamedia | ||
| 338 | |a online resource |b cr |2 rdacarrier | ||
| 347 | |a text file |2 rdaft | ||
| 347 | |b EPUB | ||
| 504 | |a Includes bibliographical references. | ||
| 588 | 0 | |a Online resource; title from ePub title page (Digitalia, viewed March 4, 2023) | |
| 600 | 1 | 0 | |a Borges, Jorge Luis, |d 1899-1986 |x Philosophy. |
| 600 | 1 | 0 | |a Kant, Immanuel, |d 1724-1804. |
| 651 | 0 | |a Argentine literature |y 20th century |x History and criticism. | |
| 650 | 0 | |a Philosophy in literature. | |
| 650 | 0 | |a Translating and interpreting. | |
| 700 | 1 | |a Cucurella, Paula, |e translator. | |
| 700 | 1 | |i Translation of: |a Johnson, David E., |d 1959- |t Kant's dog. | |
| 791 | 2 | |a Digitalia (Firm), |e distributor. | |
| 793 | 0 | |g Digitalia eBook Collection: |a Metales pesados | |
| 776 | 0 | 8 | |i Print version: |a Johnson, David E., 1959- |s Kant's dog. Spanish (Cucurella) |t Can de Kant. |d Santiago de Chile : ediciones / metales pesados, [2018] |z 9789569843570 |
| 856 | 4 | 0 | |3 Digitalia Hispánica |u https://digitalia.unach.elogim.com/a/68820/ |
| 910 | |a Premium collection: 2023 | ||